Hevea brasiliensis microsatellite sequence-hmct15 (Record no. 52857)

MARC details
000 -LEADER
fixed length control field 00449nam a2200145Ia 4500
100 ## - MAIN ENTRY--AUTHOR NAME
Personal name Saha T.
245 #0 - TITLE STATEMENT
Title Hevea brasiliensis microsatellite sequence-hmct15
260 ## - PUBLICATION, DISTRIBUTION, ETC. (IMPRINT)
Name of publisher Direct Submission (AY439295) (GenBank NCBI, USA. http://www.ncbi.nlm.nih.gov)
Year of publication 2003
650 ## - SUBJECT ADDED ENTRY--TOPICAL TERM
Topical Term Microsatellite sequence
650 ## - SUBJECT ADDED ENTRY--TOPICAL TERM
Topical Term Simple sequence repeat
700 ## - ADDED ENTRY--PERSONAL NAME
Personal name Nazeer M.A.
700 ## - ADDED ENTRY--PERSONAL NAME
Personal name Roy C.B.
942 ## - ADDED ENTRY ELEMENTS (KOHA)
Koha item type Bibliography STAF
Holdings
Withdrawn status Lost status Damaged status Not for loan Home library Current library Date acquired Koha item type
      Bibliography RRII Library RRII Library 09/04/2014 Bibliography STAF